Estrategia empresaria ante cambios en los mecados (Registro nro. 17904)
[ vista simple ]
| 000 -LEADER | |
|---|---|
| fixed length control field | 00504 a2200169 4500 |
| 001 - CONTROL NUMBER | |
| control field | ART_10386 |
| 005 - DATE AND TIME OF LATEST TRANSACTION | |
| control field | 20260410161732.0 |
| 008 - FIXED-LENGTH DATA ELEMENTS--GENERAL INFORMATION | |
| fixed length control field | 260409a |
| 100 1# - MAIN ENTRY--PERSONAL NAME | |
| Personal name | Areosa, Mario |
| 245 10 - TITLE STATEMENT | |
| Title | Estrategia empresaria ante cambios en los mecados |
| 700 1# - ADDED ENTRY--PERSONAL NAME | |
| Personal name | Rico, Ruben Roberto |
| 700 1# - ADDED ENTRY--PERSONAL NAME | |
| Personal name | Serra, Roberto |
| 700 1# - ADDED ENTRY--PERSONAL NAME | |
| Personal name | Saporosi, Gerardo |
| 700 1# - ADDED ENTRY--PERSONAL NAME | |
| Personal name | Hermida, Jorge Alfredo |
| 700 1# - ADDED ENTRY--PERSONAL NAME | |
| Personal name | Basso, Juan C. |
| 773 0# - HOST ITEM ENTRY | |
| Title | Ejecutivos de finanzas |
| Related parts | - Año 3, Nº 24 (dic. 1985) |
| Record control number | REV2863 |
No hay ítems disponibles.